header

Mountain resorts (Record no. 21240)

MARC details
000 -LEADER
fixed length control field 01653nam a2200397Ia 4500
245 00 - TITLE STATEMENT
Title Mountain resorts
260 ## - PUBLICATION, DISTRIBUTION, ETC. (IMPRINT)
Place of publication Farnham, England ;
-- Burlington, VT. :
Name of publisher Ashgate,
Year of publication c2009.
300 ## - PHYSICAL DESCRIPTION
Number of Pages xxii, 468 p. :
Other physical details ill.
490 1# - SERIES STATEMENT
Series statement Ecology and law in modern society
650 #0 - SUBJECT ADDED ENTRY--TOPICAL TERM
Topical Term Environmental law
Topical Term Environmental policy
Topical Term Ecosystem management
Topical Term Biodiversity conservation
Topical Term Ecology
Topical Term Mountain resorts
700 1# - ADDED ENTRY--PERSONAL NAME
Personal name Milne, Janet E.
Personal name LeMense, Julia.
Personal name Virginia, Ross A.
856 40 - ELECTRONIC LOCATION AND ACCESS
Uniform Resource Identifier http://site.ebrary.com/lib/rucke/Doc?id=10273820

No items available.

© 2026 Rongo University
Contact us: librarian | system librarian | Rongo university